000 01595nam a2200445 c 4500
001 52664
003 ES-MaCES
005 20250203133240.0
008 230213s2022 sp 000 | spa d
017 _aAB 300-2022
_bDL
020 _a9788418330896
040 _aES-MaCES
_bspa
_cES-MaCES
245 0 3 _aLa protección de Seguridad Social a las personas mayores, retos para el Siglo XXI
_b: estudio comparado de los países latinoamericanos y el sur de Europa
_c[dir. general, Salvador Perán Quesada, Francisco Vila Tierno ; codirs, Juan Raso Delgue ... et al.]
250 _a1ª ed
260 _aAlbacete
_bBomarzo
_c2022
300 _a869 p.
_c24 cm
490 1 _aColección Estudios
504 _aBibliografía: p. 149-152
541 _cCompra
650 4 _apersonas de edad avanzada
_928521
650 4 _aprotección social
_929076
650 4 _aseguridad social
_927034
650 4 _aservicios sociales
_927056
650 4 _arégimen de pensión
_927042
650 4 _alegislación de seguridad social
_929855
650 4 _aderecho internacional
_926684
650 4 _aAmérica Latina
_926882
650 4 _aEuropa Meridional
_931834
650 4 _aEspaña
_926964
650 4 _aestudio de casos
_928846
650 4 _acomparación
_928892
650 4 _afuturo
_928901
653 1 0 _aSeguridad Social
700 1 _920658
_aPerán Quesada, Salvador
_edir.
700 1 _925877
_aVila Tierno, Francisco
_edir.
700 1 _940628
_aRaso Delgue, Juan
_ecodir.
830 0 _aColección Estudios (Editorial Bomarzo)
_939568
902 _aLIB Libro
942 _2CES
_cBK
_h3.0.
999 _c52664
_d52664